<?xml version="1.0" encoding="UTF-8"?>
<record
    xmlns:xsi="http://www.w3.org/2001/XMLSchema-instance"
    xsi:schemaLocation="http://www.loc.gov/MARC21/slim http://www.loc.gov/standards/marcxml/schema/MARC21slim.xsd"
    xmlns="http://www.loc.gov/MARC21/slim">

  <leader>04920    a2200217   4500</leader>
  <controlfield tag="001">10581</controlfield>
  <controlfield tag="005">20260407155439.0</controlfield>
  <controlfield tag="008">260407a2006    arg                 spa d</controlfield>
  <controlfield tag="003">AR-UNSa-BCEJYS</controlfield>
  <datafield tag="040" ind1=" " ind2=" ">
    <subfield code="a">AR-UNSa-BCEJYS</subfield>
    <subfield code="b">spa</subfield>
    <subfield code="c">AR-UNSa-BCEJYS</subfield>
  </datafield>
  <datafield tag="080" ind1=" " ind2=" ">
    <subfield code="a">35.08</subfield>
    <subfield code="x">Personal administrativo. Funcionarios. plantilla. funci&#xF3;n p&#xFA;blica. Teor&#xED;a, organizaci&#xF3;n</subfield>
  </datafield>
  <datafield tag="245" ind1="1" ind2="0">
    <subfield code="a">Empleo p&#xFA;blico</subfield>
  </datafield>
  <datafield tag="020" ind1=" " ind2=" ">
    <subfield code="a">978-950-536-180-9</subfield>
  </datafield>
  <datafield tag="264" ind1=" " ind2="1">
    <subfield code="a">La Plata :</subfield>
    <subfield code="b">LEP (Librer&#xED;a Editora Platense)</subfield>
    <subfield code="c">2006</subfield>
  </datafield>
  <datafield tag="300" ind1=" " ind2=" ">
    <subfield code="a">869 p.</subfield>
    <subfield code="c">22 cm.</subfield>
  </datafield>
  <datafield tag="505" ind1=" " ind2=" ">
    <subfield code="a">1. Las nuevas coordenadas del empleo en el sector p&#xFA;blico / Jorge Luis Bastons - 2. Algunas reflexiones en torno a la naturaleza jur&#xED;dica de la relaci&#xF3;n de empleo p&#xFA;blico / Luis Federico Arias - 3. La estabilidad del empleo p&#xFA;blico en la Constituci&#xF3;n Nacional / Adolfo Gabino Ziulu - 4. El derecho colectivo del trabajo y la relaci&#xF3;n de empleo p&#xFA;blico / Oscar Antonio Cuartango y Gonzalo Cuartango - 5. El capital humano en el sector p&#xFA;blico / Carlos F&#xE9;minis - 6. El sistema de riesgos del trabajo. Su nacimiento, crisis y perpestivas a partir de la nueva Jurisprudencia de la Corte Suprema de Justicia de la Naci&#xF3;n / Jorgelina F. Alimenti - 7. Apuntes sobre algunos temas pendientes de tratamiento en el empleo p&#xFA;blico: sindicalizaci&#xF3;n de las Fuerzas Armadas y de las Fuerzas de Seguridad; tramitaci&#xF3;n de reclamos ante la Justicia del Trabajo / Rodolfo Ernesto Cap&#xF3;n Filas - 8. Empleo p&#xFA;blico: &#xBF;r&#xE9;gimen legal, herramienta de gesti&#xF3;n u obst&#xE1;culo funcional? / Homero M&#xE1;ximo Bibiloni - 9. El empleo p&#xFA;blico en el &#xE1;mbito del Poder Ejecutivo Nacional: un diagn&#xF3;stico para orientar la pol&#xED;tica y la gesti&#xF3;n / Norberto Ivancih - 10. La figura de la pasant&#xED;a en el sector p&#xFA;blico. Controversias y complejidades de su marco normativo / Anal&#xED;a Eliades - 11. La emergencia en el empleo p&#xFA;blico nacional / Daniela Aletti - 12. Problem&#xE1;tica de la relaci&#xF3;n de empleo p&#xFA;blico en el &#xE1;mbito universitario / Marcelo Vampa - 13. Lineamientos generales del r&#xE9;gimen de jubilaciones y pensiones del personal del Estado Nacional / Elsa Carmen Couttulenc - 14. Notas sobre algunas cuestiones medulares de la relaci&#xF3;n de empleo p&#xFA;blico / Vicente Valenti - 15. Actualidad de la problem&#xE1;tica de la discapacidad y el empleo p&#xFA;blico / Jorge Luis Bastons y Anal&#xED;a Eliades - 16. Etica y empleo p&#xFA;blico / H&#xE9;ctor Constantino Rodr&#xED;guez - 17. La Convenci&#xF3;n Interamericana contra la corrupci&#xF3;n y su vinculaci&#xF3;n con los delitos de acci&#xF3;n p&#xFA;blica / Horacio Ballesteros - 18. Responsabilidad civil de los funcionarios p&#xFA;blicos / Rub&#xE9;n H. Compagnucci de Caso - 19. El derecho a la estabilidad del empleado p&#xFA;blico en la Provincia de Buenos Aires / Karina Assante - 20. Notas sobre el estatuto del empleado municipal / Ricardo Pablo Reca - 21. Admisibilidad e ingreso a la administraci&#xF3;n p&#xFA;blica provincial y municipal bonaerense / Ignacio Greco - 22. Derechos de los empleados p&#xFA;blicos bonaerenses / Victoria D&#xB4;Ovidio - 23. Deberes y prohibiciones de los agentes p&#xFA;blicos bonaerenses / Catherine Astolfi - 24. La incompatibilidad de los agentes p&#xFA;blicos con particular referencia a la provincia de Buenos Aires / Homero Villafa&#xF1;e - 25. Derecho a la carrera administrativa / Gustavo Juan De Santis - 26. Algunas cuestiones vinculadas a las medidas cautelares en el procedimiento disciplinario. La disponibilidad relativa y la suspensi&#xF3;n preventiva / Mirta Beatriz Fern&#xE1;ndez - 27. La disponibilidad del empleado p&#xFA;blico provincial y municipal bonaerense / Mar&#xED;a Cristina Carini y Nora Mar&#xED;a Allegretti - 28. Ley de carrera profesional hospitalaria en la Provincia de Buenos Aires / Ernestina Frascheri - 29. La responsabilidad administrativa, penal y civil de los trabajadores de la educaci&#xF3;n en el &#xE1;mbito bonaerense / Graciela Pauloni - 30. Introducci&#xF3;n al r&#xE9;gimen disciplinario del Estatuto docente / Anal&#xED;a Consolo - 31. La prescindibilidad laboral del personal de las Fuerzas de Seguridad de la provincua de Buenos Aires en situaciones de emergencia. Usos y abusos / Diego Isabella - 32. R&#xE9;gimen del personal del Servicio Penitenciario Bonaerense / Hugo Alberto Barbieri - 33. El r&#xE9;gimen de empleo p&#xFA;blico del personal art&#xED;stico bonaerense / Jorge Luis Bastons - 34. Apuntes sobre las relaciones laborales en &#xE1;mbito de los Astilleros R&#xED;o Santiago / Jos&#xE9; Carlos Maduri - 35. Empleo p&#xFA;blico y personas con capacidades diferentes en el &#xE1;mbito de la provincia de Buenos Aires / Marisa Piumatti - 36. El trabajo en el Poder Judicial bonaerense: una aproximaci&#xF3;n a su cultura organizacional / Sandra Nilda Grahl - 37. El empleo p&#xFA;blico desde la perspectiva del proceso contenciosos administrativo bonaerense / Sim&#xF3;n Francisco Isacch</subfield>
  </datafield>
  <datafield tag="942" ind1=" " ind2=" ">
    <subfield code="c">BK</subfield>
  </datafield>
  <datafield tag="590" ind1=" " ind2=" ">
    <subfield code="a">niveau_biblio:m niveau_hierar:0</subfield>
  </datafield>
  <datafield tag="100" ind1="1" ind2=" ">
    <subfield code="a">Bastons, Jorge Luis</subfield>
  </datafield>
  <datafield tag="856" ind1="4" ind2="1">
    <subfield code="u">https://biblioeco.unsa.edu.ar/pmb/images/libros/Empleo publico-l118839.jpg</subfield>
    <subfield code="y">Imagen de portada</subfield>
    <subfield code="q">image/jpeg</subfield>
  </datafield>
  <datafield tag="999" ind1=" " ind2=" ">
    <subfield code="c">478</subfield>
    <subfield code="d">478</subfield>
  </datafield>
  <datafield tag="952" ind1=" " ind2=" ">
    <subfield code="0">0</subfield>
    <subfield code="1">0</subfield>
    <subfield code="4">0</subfield>
    <subfield code="7">0</subfield>
    <subfield code="a">BCEJYS</subfield>
    <subfield code="b">BCEJYS</subfield>
    <subfield code="c">16</subfield>
    <subfield code="d">2026-04-07</subfield>
    <subfield code="l">0</subfield>
    <subfield code="o">35.08 B327</subfield>
    <subfield code="p">L118838</subfield>
    <subfield code="r">2026-04-07 15:54:39</subfield>
    <subfield code="w">2026-04-07</subfield>
    <subfield code="y">L</subfield>
  </datafield>
  <datafield tag="952" ind1=" " ind2=" ">
    <subfield code="0">0</subfield>
    <subfield code="1">0</subfield>
    <subfield code="4">0</subfield>
    <subfield code="7">0</subfield>
    <subfield code="a">BCEJYS</subfield>
    <subfield code="b">BCEJYS</subfield>
    <subfield code="c">16</subfield>
    <subfield code="d">2026-04-07</subfield>
    <subfield code="l">0</subfield>
    <subfield code="o">35.08 B327</subfield>
    <subfield code="p">L118839</subfield>
    <subfield code="r">2026-04-07 15:54:39</subfield>
    <subfield code="w">2026-04-07</subfield>
    <subfield code="y">L</subfield>
  </datafield>
</record>
